Southville International School and Colleges
Your cart is empty.
  • Cart
  • Lists
    Public lists Eva Luna New books Lux_list list_1
    Your lists Log in to create your own lists
  • Log in to your account
  • Your cookies
  • Search history
Southville International School and Colleges
  • Advanced search
  • Recent comments
  • Most popular
  • Libraries

Log in to your account

Log in with GOOGLE


If you do not have an external account, but do have a local account, you can still log in:

  1. Home
  2. MARC view: He bear, she bear /
Normal view MARC view ISBD view

He bear, she bear / (Record no. 102631)

[ view plain ]
MARC details
000 -LEADER
fixed length control field 00662nam a2200205 a 4500
005 - DATE AND TIME OF LATEST TRANSACTION
control field 20140412111239.0
008 - FIXED-LENGTH DATA ELEMENTS--GENERAL INFORMATION
fixed length control field 001118s19uu xx 00 eng d
020 ## - INTERNATIONAL STANDARD BOOK NUMBER
International Standard Book Number 0-394-82997-2
050 ## - LIBRARY OF CONGRESS CALL NUMBER
Classification number TR(PS E
Item number He34 1974
100 ## - MAIN ENTRY--PERSONAL NAME
Personal name Berenstain, Stanley
245 ## - TITLE STATEMENT
Title He bear, she bear /
Statement of responsibility, etc by Stan and Jan Berenstain.
260 ## - PUBLICATION, DISTRIBUTION, ETC. (IMPRINT)
Place of publication, distribution, etc New York :
Name of publisher, distributor, etc Beginner Books,
Date of publication, distribution, etc 1974.
300 ## - PHYSICAL DESCRIPTION
Extent 1 v. (unp.)
440 ## - SERIES STATEMENT/ADDED ENTRY--TITLE
Title A Brigt and earky book, 20
520 ## - SUMMARY, ETC.
Summary, etc Two little bears, a brother and a sister, speculate on all things they could grow up to be.
650 ## - SUBJECT ADDED ENTRY--TOPICAL TERM
Topical term or geographic name as entry element Bears -- Stories
650 ## - SUBJECT ADDED ENTRY--TOPICAL TERM
Topical term or geographic name as entry element Occupations -- Fiction
650 ## - SUBJECT ADDED ENTRY--TOPICAL TERM
Topical term or geographic name as entry element Stories in Rhyme
Holdings
Withdrawn status Lost status Damaged status Use restrictions Home library Current library Shelving location Date acquired Source of acquisition Total Checkouts Full call number Barcode Date last seen Price effective from Koha item type
        Elizalde Library Elizalde Library Teachers Reference Section 11/18/2000     TR(PS E He34 1974 E2265 04/12/2014 04/12/2014 Books

He bear, she bear /

APA

Berenstain S., . (1974). He bear, she bear. New York: Beginner Books.

Chicago

Berenstain Stanley, . 1974. He bear, she bear. New York: Beginner Books.

Harvard

Berenstain S., . (1974). He bear, she bear. New York: Beginner Books.

MLA

Berenstain Stanley, . He bear, she bear. New York: Beginner Books. 1974.

  • Place hold
  • Print
  • Cite
  • Add to your cart (remove)
  • Save record
    BIBTEX Dublin Core MARCXML MARC (non-Unicode/MARC-8) MARC (Unicode/UTF-8) MARC (Unicode/UTF-8, Standard) MODS (XML) RIS
  • More searches
    Search for this title in:
    Other Libraries (WorldCat) Other Databases (Google Scholar) Online Stores (Bookfinder.com) Open Library (openlibrary.org)

Exporting to Dublin Core...

SOUTHVILLE LIBRARY

Southville International School and Colleges Library

1281 Tropical Ave. Cor. Luxembourg St., BF Homes International, Las Pinas City

Tel. No. 8256374 / 252358 Loc. 117/146

Powered by Koha